Rocky Mountain Region State Capital Quiz - Statistics

General Stats
  • This quiz has been taken 162 times
  • The average score is 5 of 5
Answer Stats
State Capital % Correct
Utah Salt Lake City
100%
Colorado Denver
98%
Idaho Boise
95%
Wyoming Cheyenne
88%
Montana Helena
88%
No matching quizzes found
Score Distribution
Percent of People with Each Score
Percentile by Number Answered
Your Score History
You have not taken this quiz